000 00728nam a2200205Ii 4500
003 JO-AjNU
008 230605s9999||||xx |||||||||||||| ||und||
040 _aJO-AjNU
_bara
_erda
_cJO-AjNU
041 _aara
050 1 4 _aPJ7521 2009
100 3 _aالثامري،إحسان ذنون,
_eauthor
_924761
245 0 0 _aأحمد بن أبي طاهر البغدادي المؤرخ والاديب
250 _aط1
264 3 1 _aعمان: دار الرازي للطباعة والنشر والتوزيع، 2009
300 _a155ص
336 _atext
_btxt
_2rdacontent
337 _aunmediated
_bn
_2rdamedia
338 _avolume
_bnc
_2rdacarrier
650 4 _aالأدباء العرب-تراجم-المؤرخ الأديب
_924762
999 _aA9170
_c12738
_d12738